000 00991cam a2200265 a 4500
001 000007328
005 20200929154133.0
008 980415s1976 gt b 000 0 spa d
035 _a(DLC) 98139099
035 _a(OCoLC)03560979
040 _aDO-SdBNP
_cYUS
_dDLC
_dBNPHU
082 _a972.81
_bD582c
100 1 _aDimas, Lemus
_920378
245 1 0 _aCuatro grandes claves en la interpretación de la cultura :
_bun tributo al pensamiento y a la obra de José Rölz Bennett, preclaro maestro de la juventud guatemalense /
_cLemus Dimas.
260 _aGuatemala :
_bEditorial Universitaria,
_c1976.
300 _a233 p. ;
_c21 cm.
490 1 _aEstudios universitarios
_v22
504 _aIncluye referencias bibliográficas.
650 4 _aGuatemala
_xHistoria
_920379
651 4 _aGuatemala
_xCivilización
_920380
700 1 _aRolz-Bennett, José,
_d1918-
_920381
830 0 _aColeccion Estudios universitarios ;
_v22.
_920382
910 _aCatalogación por copia / LC
049 _aBNGR
999 _c7109
_d7109